|
|
|
|
| LEADER |
00815nam a2200265 a 4500 |
| 001 |
000611404 |
| 003 |
CZ BrMZK |
| 005 |
20031215103648.0 |
| 007 |
ta |
| 008 |
020718s1987 xo f slo d |
| 040 |
|
|
|a BOA001
|b cze
|c BOA001
|
| 041 |
1 |
|
|a slo
|h cze
|
| 080 |
|
|
|a 64.01
|2 MRF
|
| 080 |
|
|
|a 64.031
|2 MRF
|
| 100 |
1 |
|
|a Hájková, Eva
|7 jo19990047647
|4 aut
|
| 245 |
1 |
0 |
|a Ako ušetriť v domácnosti /
|c Eva Hájková ; ilustroval Juraj Kotouček
|
| 260 |
|
|
|a Bratislava :
|b Živena,
|c 1987
|
| 300 |
|
|
|a 64 s.
|
| 490 |
1 |
|
|a Malá edícia Živeny ;
|v publ. 30
|
| 500 |
|
|
|a Překlad z řeštiny
|
| 700 |
1 |
|
|a Kotouček, Juraj
|4 ill
|
| 830 |
|
0 |
|a Malá edícia Živeny
|
| 910 |
|
|
|a BOA001
|b 1-0920.300
|
| 990 |
|
|
|a BK
|
| 996 |
7 |
|
|b 2619602466
|c 1-0920.300
|l MZK
|r Sklad / do 1 hodiny
|n 0
|w 000611404
|u 000010
|a 1
|e BOA001
|j MZK50
|s A
|